[Event "Augsburg Afro Seniors op 9th"]
[Site "Augsburg"]
[Date "2002.08.10"]
[Round "6"]
[White "Wawrinsky, Ludwig"]
[Black "Rueger, Matthias"]
[Result "0-1"]
[WhiteElo "1751"]
[BlackElo "1632"]
[PlyCount "94"]
[EventDate "2002.08.08"]
[EventType "swiss"]
[EventRounds "7"]
[EventCountry "GER"]
[SourceTitle "EXT 2007"]
[Source "ChessBase"]
[SourceDate "2006.11.23"]
[SourceVersion "1"]
[SourceVersionDate "2006.11.23"]
[SourceQuality "1"]

1. e4 c5 2. Nc3 Nc6 3. f4 e6 4. Nf3 d6 5. d3 Nf6 6. h3 Be7 7. Be3 d5 8. e5 d4 9. exf6 Bxf6 10. Ne4 dxe3 11. c3 Be7 12. Qe2 f5 13. Ng3 Qa5 14. Qxe3 Nd4 15. Nxd4 cxd4 16. Qxd4 Bf6 17. Qc4 Bh4 18. Kf2 Qb6+ 19. d4 Qxb2+ 20. Be2 Qd2 21. Qb5+ Bd7 22. Qe5 0-0 23. Rhd1 Qxc3 24. Bf3 Rfe8 25. Qe2 a6 26. Rac1 Qa3 27. Rb1 Bb5 28. Qd2 Rac8 29. Rb3 Qe7 30. Re1 Rc7 31. Rbe3 Qd6 32. Rb3 Rec8 33. Bd1 Rc4 34. Rd3 Rb4 35. Bb3 Bc4 36. Kg1 Bxb3 37. axb3 Bxg3 38. Rxg3 Rxd4 39. Qb2 g6 40. Rge3 Re8 41. Qe2 Rxf4 42. Qc2 Rd4 43. Rxe6 Rxe6 44. Qc8+ Kg7 45. Rxe6 Rd1+ 46. Kf2 Qf4+ 47. Ke2 Rd2+ 0-1